Normal view
MARC view
- Livres de cuisine
Entry Genre/Form Term
001 - CONTROL NUMBER
- control field: 120682
003 - CONTROL NUMBER IDENTIFIER
- control field: NUST
005 - DATE AND TIME OF LATEST TRANSACTION
- control field: 20240217182319.0
008 - FIXED-LENGTH DATA ELEMENTS
- fixed length control field: 240217|| aca||aabn | a|a d
040 ## - CATALOGING SOURCE
- Original cataloging agency: NUST
- Transcribing agency: NUST
155 ## - HEADING--GENRE/FORM TERM
- Genre/form term: Livres de cuisine
670 ## - SOURCE DATA FOUND
- Source citation: Work cat.: (NUST)0: Cotton, Fearne, 1981- author. 120678, Happy: finding joy in everyday and letting go of perfect /, 2017.
